000 00750nam a2200241 i 4500
001 000033328
003 DO-SdBNP
005 20240925131655.0
007 ta
008 110824s1937 dr 000 0 spa d
040 _aDO-SdBNP
_bspa
_cBNPHU
_erda
049 _aBNPD
082 4 _bF438p
_222
100 1 _aFiallo, Fabio,
_d1866-1942
_934816
245 1 0 _aPoems of the little girl in heaven /
_cFabio Fiallo ; translate, Margaret B. Hurley.
264 _aTrujillo City, Dominican Republic :
_bLa Opinión,
_c1937.
300 _a69 páginas ;
_c16 cm.
336 _2rdacontent
_atexto
_btxt
337 _2rdamedia
_asin mediación
_bn
338 _2rdacarrier
_avolumen
_bnc
700 1 _aHurley, Margaret B.,
_etradución
_958920
942 _2ddc
_cLBS1
999 _c32819
_d32819